000 00342nam a2200133Ia 4500
008 240624s9999 xx 000 0 und d
041 _aeng
082 _a650.13 LLO
100 _aLLOYD KEN
245 _aHOW TO DEAL WITH PEOPLE PROBLEMS AND PRO
260 _c2001
_aMumbai
_bJaico Publishing House
300 _a255 : p. : cm. ; 24
365 _cRS
999 _c773
_d773